MARC

LEADER 00000nbm0a2200000 4500
001 266597
005 20231101234020.0
035 |a (RuTPU)RU\TPU\book\289617 
035 |a RU\TPU\book\289619 
090 |a 266597 
100 |a 20140711j20140610k y0rusy50 ca 
101 0 |a rus 
102 |a RU 
105 |a a m 001zy 
200 1 |a Метод контроля состояния моторных масел при длительном хранении техники  |e диссертация на соискание ученой степени кандидата технических наук  |e спец. 05.11.13  |f М. М. Рунда  |g Сибирский федеральный университет (СФУ) ; Национальный исследовательский Томский политехнический университет (ТПУ) ; науч. рук. Б. И. Ковальский 
210 |a Томск  |c [Б. и.]  |d 2014 
215 |a 179 л.  |c ил. 
300 |a Защищена 10.06.2014 г. 
320 |a Библиогр.: с. 163-176 (133 назв.). 
606 1 |a Моторные масла  |x Старение  |2 stltpush  |3 (RuTPU)RU\TPU\subj\34342  |9 56313 
610 1 |a техника 
610 1 |a длительное хранение 
610 1 |a качество 
610 1 |a нефтяные масла 
610 1 |a загрязнение 
610 1 |a бронетехника 
610 1 |a товарные масла 
610 1 |a противоизносные свойства 
610 1 |a минеральные масла 
610 1 |a исследование 
610 1 |a контроль 
610 1 |a практические рекомендации 
610 1 |a диссертации 
610 1 |a труды учёных ТПУ 
675 |a 665.76(04)  |v 3 
686 |a 05.11.13  |2 oksvnk 
700 1 |a Рунда  |b М. М.  |c специалист в области контрольно-измерительной техники  |c инженер Томского политехнического университета  |f 1951-  |g Михаил Михайлович  |2 stltpush  |3 (RuTPU)RU\TPU\pers\32124 
702 1 |a Ковальский  |b Б. И.  |g Болеслав Иванович  |4 727 
712 0 2 |a Сибирский федеральный университет (СФУ)  |c (Красноярск)  |2 stltpush  |3 (RuTPU)RU\TPU\col\11098 
712 0 2 |a Национальный исследовательский Томский политехнический университет (ТПУ)  |c (2009- )  |2 stltpush  |3 (RuTPU)RU\TPU\col\15902 
801 1 |a RU  |b 63413507  |c 20140711 
801 2 |a RU  |b 63413507  |c 20140902  |g RCR 
942 |c BK